LEADER 00899nam0-2200277 --450 001 9910165758903321 005 20180319102552.0 020 $aIT$b633670 100 $a20170307d1963----kmuy0itay5050 ba 101 0 $aita 102 $aIT 105 $a 001yy 200 1 $aCome si applica l'imposta sulle aree fabbricabili$e[ trattato pratico: leggi, commento, esempi e modelli sulla tassazione...]$fFrancesco Tamborrino 210 $aMilano$cConsulente immobiliare$d1963 215 $a254 p.$d24 cm$efascicolo Legge 5 marzo 1963, n. 246 676 $a336$v16 700 1$aTamborrino,$bFrancesco$09567 801 0$aIT$bUNINA$gRICA$2UNIMARC 901 0$aBK 912 $a9910165758903321 952 0$aINU B 672$b948$fFARBC 952 $a19.957$b649/2018$fDARST 959 $aDARST 959 0$aFARBC 996 $aCome si applica l'imposta sulle aree fabbricabili$91466975 997 $aUNINA